| 000 | 00434nam a22001337a 4500 | ||
|---|---|---|---|
| 008 | 161122b xxu||||| |||| 00| 0 eng d | ||
| 050 | _aKZ21.B7(1963 vol.1-6) | ||
| 100 | _aCollier, J. G. | ||
| 245 |
_aThe British year book of international law: index to volumes 1-36. / _cJ. G. Collier. |
||
| 260 |
_aLondon : _bOxford University Press, _c1963. |
||
| 300 |
_a150p. : _c24cm. |
||
| 440 |
_pBritish yearbook. _vvol.1-36 |
||
| 942 |
_2lcc _cBK |
||
| 999 |
_c6150 _d13650 |
||